000 03177nam a2200553Ia 4500
001 974
008 241029s9999 xx 000 0 und d
010 _a894
041 _aEspañol
082 _aTPG MCE 32 2005
245 0 _aEstrategia de investigación científica para el Decanato de Ingeniería y Tecnología de la Universidad APEC de República Dominicana.
260 _aSanto Domingo
300 _a69
520 _a18
630 _aCalidad
630 _aEstrategia
630 _aFormación
630 _aInvestigación Científica
650 _aInvestigación
690 _aCopiado sin cambios
700 _easesor
_aPortuondo, Roberto
700 _eautor
_aMatos, Eddy Neftalí
901 _a{"1":"Matos"}
_b{"1":"Eddy Neftalí"}
902 _a1
903 _a{"1":"Portuondo"}
_b{"1":"Roberto"}
904 _aMaestría en
905 _aCiencias de la Educación
906 _a1
907 _aMención en
908 _aEnseñanza de las Ciencias de Ingeniería
909 _aUniversidad Acción Pro Educación y Cultura (UNAPEC)
910 _aNULL
_bNULL
911 _a["1"]
912 _aUniversidad de Camagüey (UC), Cuba
913 _aNULL
914 _a01 de Agosto de 2005
915 _a20/12/19 12:12
916 _aNULL
917 _aNULL
918 _aNO APLICA
919 _a["28","92","200","127"]
520 _aEl propósito de la presente tesis es elaborar una propuesta de estrategia para el desarrollo de las investigaciones científicas en el Decanato de Ingeniería y Tecnología de la Universidad APEC de República Dominicana. Basada en el enfoque de la complejidad, que conduzca al aumento de su impacto y pertinencia social. La misma surge como vía para dar respuesta a una necesidad sentida en el Decanato de Ingeniería y Tecnología de la referida Universidad. Se pretende con este trabajo de investigación, realizar estudios de las tendencias de desarrollo de la investigación científica a nivel mundial y en República Dominicana; diagnosticar la situación de la investigación en el decanato; caracterizar teóricamente el proceso de investigación y la función de desarrollo del proceso e investigación científica; así como elaborar un modelo teórico para la referida estrategia en base a la teoría de las organizaciones autopoiéticas.      La situación problémica identificada, establece que las actividades de investigación en el decanato son deficientes, por lo que urge fortalecer la misma. A fin de dar cumplimiento a un mandato Institucional y de las Instituciones reguladoras de la Educación Superior en el país. De forma tal, que garanticen la formación de un ingeniero competente y de calidad para enfrentar y resolver problemas. La metodología que sustenta el presente trabajo, se fundamenta en el paradigma de la investigación fenomenológica, los métodos y técnicas a aplicar. En otro orden, para obtener y validar las informaciones correspondientes serán, la encuesta, la entrevista, criterios de expertos y la revisión bibliográfica.
921 _a16
922 _a16
923 _a0
924 _aNO APLICA
942 _cTesis
999 _c894
_d894